000 01877nam a2200253Ia 4500
003 PE SENCICO BE
005 20251020182431.0
008 200515s9999 xx 000 0 und d
020 _a84-252-1619-2
040 _aPE SENCICO BE
_cPE SENCICO BE
041 _aspa
082 _a745.2
_bB94
100 1 _aBürdek, Bernhard E.
_92579
_eautor
245 1 0 _aDiseño :
_bhistoria, teoría y práctica del diseño industrial /
_cBürdek, Bernhard E.
250 _a1a ed.
260 _aBarcelona :
_bGustavo Gili ;
_c1994
300 _a390 p. :
_bil., graf. ;
_c24 cm.
505 0 _aEl concepto de diseño: definiciones y descripciones -- Una mirada Retrospectiva -- La Bauhaus -- La escuela superior de diseño de Ulm -- El diseño de Alemania, 1950-1990 -- El panorama del diseño en otros paises -- Problemas de metodología -- Métodos cognoscitivos de la filosofía en el diseño -- La metodología clásica del diseño -- Aspectos del desarrollo de la teoria del diseño -- Concepto de una teoría disciplinar del diseño -- La definición de las funciones del producto -- Las funciones estético-formales -- Las funciones indicativas -- Las funciones simbólicas -- Del lenguaje comunicativo a la semántica del producto -- Observaciones al tema "Arquitectura y diseño" -- Utopías, visiones y conceptos -- Identidad corporativa, diseño corporativo -- Repercusiones de la microelectrónica en el diseño -- Del CAD/CAM a la "Bauhaus electrónica" -- Una perspectiva de futuro
520 3 _aPerfila los estadios importantes del desarrollo del diseño industrial desde el siglo XIX y aborda la Bauhaus en detalle. Partiendo de este contexto, arroja luz sobre las tendencias actuales del diseño en Alemania, Francia, Italia, Japón, Austria, Suiza.
650 1 0 _aDiseño
_9965
650 2 0 _aDiseño industrial
_92580
650 2 0 _aHistoria
_9707
942 _cLIB
_2ddc
999 _c248
_d248